| 000 | 00391nam a22001697a 4500 | ||
|---|---|---|---|
| 999 |
_c532043 _d532043 |
||
| 003 | NUST | ||
| 005 | 20191107100120.0 | ||
| 008 | 191107b ||||| |||| 00| 0 eng d | ||
| 038 | _aMSOHAIL | ||
| 082 | _a0 | ||
| 100 |
_aASCE _913229 |
||
| 245 |
_aGrouting and Deep Mixing 2012 : _b Vol-2 |
||
| 250 | _aVol - 2 | ||
| 260 |
_aUSA _bASCE _cc2012 |
||
| 300 | _ap;2141 | ||
| 942 |
_2ddc _cBK |
||